| 000 | 01050nam a2200277Ia 4500 | ||
|---|---|---|---|
| 003 | OSt | ||
| 005 | 20221007125316.0 | ||
| 006 | a|||||r|||| 00| 0 | ||
| 007 | ta | ||
| 008 | 221006b |||||||| |||| 00| 0 eng d | ||
| 020 |
_a0521795494 (pbk) _cRs.995.00 |
||
| 024 | _a8846 | ||
| 037 |
_bDhanraj, _cTextual |
||
| 040 |
_aCDL _cCDL _beng |
||
| 041 |
_2eng _aeng |
||
| 082 | _aE9G:24, P1;1 | ||
| 100 |
_aHaynie Donald T _9717700 |
||
| 245 | 0 | _aBiological thermodynamics by Donald T Haynie | |
| 260 |
_aCambridge _bCambridge University Press _c2001 |
||
| 300 |
_axv,379p _ccm. |
||
| 500 | _aIncludes bibliographical references; Appendix A-D, 331-362p; Glossary 363-372p; Indexes 373-379p; ^n23/CSL/CARC/2001-2002/673^d2001-12-10^mPurchase; ; 2001-2002/438^b2002-02-05^c256^d2002-01-28^eRs.895.00^fDhanraj Book House; ; 2002-02-22^bSB^c2002-05-21^dRPS | ||
| 650 |
_a Chemical thermodynamics _9717701 |
||
| 650 | _aBiochemistry | ||
| 942 |
_hE9G:24, P1;1 _cTEXL _2CC |
||
| 999 |
_c1215058 _d1215058 |
||